000 00963nas a2200313 4500
001 BR2012008399
003 BR-BrBNA
005 20231205121410.0
007 ta
008 230509b bl.|||p| |||| 00| 00por d
040 _aBR-BrBNA
_bpor
_cBiblioteca Nacional de Agricultura
041 _a(Pt)
072 _aH20
100 1 _aPereira, R.B.
100 1 _aCarvalho, A.D.F. de
100 1 _aPinheiro, J.B.
100 1 _aSilva, G.O. da
100 1 _aVieira, J.V.
245 1 _aResistência de populações de cenoura à queima-das-folhas com diferentes níveis de germoplasma tropical
650 _aCENOURA
650 _aDAUCUS CAROTA
650 _aALTERNARIA DAUCI
650 _aQUEIMA DA FOLHA
650 _aRESISTÊNCIA GENÉTICA
650 _aGERMOPLASMA
773 0 _tHorticultura Brasileira (Brazil)
_xISSN 0102-0536
_g(Jul-Sep 2012), v. 30(3) p. 489-493
_wBR2012008399
909 _a202311
_bLúcia
_c55
_dLúcia Elande
942 _2AGRIS
_n0
_cANA
999 _c223371
_d223371